Sustainability in the Cocoa Chain (Registro nro. 3523)

Detalles MARC
000 -CABECERA
Campo de control 00724nam a2200205 a 4500
005 - FECHA Y HORA DE LA ULTIMA TRANSACCION
Campo de control 20160115081710.0
008 - ELEMENTOS DE LONGITUD FIJA—INFORMACION GENERAL
Campo de control 140311b2003 ne a gr|||| 00| 0 eng d
040 ## - FUENTE DE CATALOGACIÓN
Agencia catalogadora original CO-BoIAVH
Agencia transcriptora CO-BoIAVH
041 ## - IDIOMA
Código de idioma para texto/pista de sonido o título separado Inglés
082 #4 - NUMERO DE CLASIFICACION DECIMAL DEWEY
Número de clasificación 338.17374
Número del ítem T82s
100 1# - ASIENTO PRINCIPAL--NOMBRE PERSONAL
Nombre personal Triana, Adriana Maritza
9 (RLIN) 20281
245 1# - MENCION DE TITULO
Título Sustainability in the Cocoa Chain
Parte restante del título Identification of the relevant aspects, stakeholders perspectives and potential sustainability indicators for the cocoa chain
260 ## - PUBLICACION, DISTRIBUCION, ETC. (PIE DE IMPRENTA)
Lugar de publicación, distribución, etc. Wageningen
Nombre del editor, distribuidor, etc. Wageningen University
Fecha de publicación, distribución, etc. 2003
300 ## - DESCRIPCION FISICA
Extensión 100 paginas.:
Otros detalles físicos ilustraciones
Dimensiones 29 x 21 cm
650 ## - ASIENTO SECUNDARIO DE MATERIA - TERMINO TEMATICO
Término temático o nombre geográfico como elemento de entrada Theobroma cacao
9 (RLIN) 51375
650 ## - ASIENTO SECUNDARIO DE MATERIA - TERMINO TEMATICO
Término temático o nombre geográfico como elemento de entrada Cacao
9 (RLIN) 12407
650 ## - ASIENTO SECUNDARIO DE MATERIA - TERMINO TEMATICO
Término temático o nombre geográfico como elemento de entrada Cacao (planta)
9 (RLIN) 51376
942 ## - ELEMENTOS ADICIONALES (KOHA)
Tipo de ítem Libro
Sistema de clasificación Dewey Decimal Classification
945 ## - PROCESAMIENTO LOCAL
AAAA-MM-DD - Fecha de ingreso o modificacion 2003-12-03
Existencias
Withdrawn status Lost status Sistema de Clasificación Damaged status No para préstamo Colección Inventariado Ubicación Permanente Ubicación actual Fecha de adquisición Fuente de Valor Valor Total Checkouts Número topográfico Inventario / Código de Barras Date last seen Date checked out Ejemplar Price effective from Forma de adquisición Tipo de material
    Dewey Decimal Classification     General Inventariado 2017 Bogotá Bogotá 04/12/2012 Instituto 15000.00 1 LB-338.17374 T82s 014882 06/09/2018 06/09/2018 Ej. 1 04/12/2012   Libro